00835nam a22001697a 4500003000900000005001700009008004100026040001300067110002900080245013400109260003900243300004000282500011100322650005000433651005000483856013200533BR-ViAPE20260417131803.0260417b1934 por gs||||s000 0 por d cBR-ViAPE aEspírito SantobEstado aRelatório apresentado ao Snr. Contador geral, pelo chefe de contabilidade da contadoria geral, referente ao exercício de 1934 aVitóriabImprensa Officialc1935 a81 p.bDocumento digitalizado (PDF) aDocumento digitalizado do acervo institucional do Arquivo Público do Estado do Espírito Santo - APEES. xAdministração públicazEspírito Santo aEspírito SantoxRelatórios governamentais uhttps://ape.es.gov.br/Media/ape/PDF/Relatorios/1930/relatorio%20-%20ano%201935%20cx14.pdfyCLIQUE AQUI PARA ACESSAR O DOCUMENTO